000 00329nam a22001457a 4500
008 210302b ||||| |||| 00| 0 eng d
020 _a0471583650
041 _aeng
080 _a336
082 _a336
100 _a56
101 _aFIN
245 _aIntroduction to Financial Accounting
_cMcCullers, L. D
942 _2udc
_cBK
999 _c55446
_d55446